000 01009pam a2200277 a 4500
001 2487905
003 OSt
005 20150810180006.0
008 910807s1994 mex spa
020 _a968-880-351-0
040 _aDLC
_cBMC
_dDLC
082 _a658.04
100 1 _98358
_aStoner, James Arthur Finch
245 1 0 _aAdministración
_cJames A. F. Stoner, R. Edward Freeman ; traducción, Arturo Córdova Just ; revisión técnica, Héctor A. Sánchez Rüed, Alejandro Roberto Rodas Carpizo
250 _a5ª ed
260 _aNaucalpan de Juárez (México) [etc.]
_bPrentice-Hall Hispanoamericana
_ccop. 1994
300 _aXXV, 781 p.
_bil.
_c27 cm
500 _aÍndices p. 757-781
594 _1Traducido de la 5ª ed. en inglés de: Management
650 2 4 _93341
_aGestión de empresas
700 1 _aFreeman, R. Edward
_98359
700 1 _aSánchez Rüed, Héctor A.
_98361
700 1 _98360
_aCórdova Just, Arturo
700 1 _95568
_aRodas Carpizo, Alejandro Roberto
942 _2ddc
_cBK
999 _c3624
_d3624